Tablice rejestracyjne województw - Statystyki

Ogólne statystyki
  • Ten quiz został rozwiązany 91 razy
  • Średni wynik to 14 z 16
Statystyki odpowiedzi
Województwo Kod % Poprawnych
Dolnośląskie D/V
97%
Opolskie O
95%
Wielkopolskie P/M
93%
Śląskie S/I
92%
Mazowieckie W/A
92%
Pomorskie G/X
91%
Małopolskie K/J
91%
Lubelskie L
91%
Podkarpackie R/Y
91%
Podlaskie B
88%
Zachodniopomorskie Z
85%
Łódzkie E
84%
Kujawsko-pomorskie C
77%
Świętokrzyskie T
77%
Lubuskie F
76%
Warmińsko-mazurskie N
76%
Nie znaleziono quizów pasujących do podanych kryteriów
Rozkład punktacji
Procent ludzi z każdym wynikiem
Percentyl według liczby udzielonych odpowiedzi
Twoja historia wyników
Nie rozwiązałeś tego quizu